Bórom dopované diamantové vrstvy pre elektrochemické aplikácie

Guardado en:
Detalles Bibliográficos
Autor principal: Jurák, Matej, 1990- (Autor)
Otros Autores: Vojs, Marian, 1979- (Orientador)
Formato: Manuscrito Libro
Lenguaje:eslovaco
Publicado: Bratislava : STU v Bratislave FEI, 2012
Materias:
Acceso en línea:VAIS
Etiquetas: Agregar Etiqueta
Sin Etiquetas, Sea el primero en etiquetar este registro!

MARC

LEADER 00000ntm a22000003a 4500
001 stu250716
005 20150617230227.8
008 120717s2012----xo------------------slo-d
040 |a STU  |b slo 
041 0 |a slo 
044 |a xo 
100 1 |a Jurák, Matej,  |d 1990-  |4 aut  |u E  |T FEI Fakulta elektrotechniky a informatiky  |X 64744  |U E  |Y 30  |7 A000064744 
242 0 0 |a Boron doped diamond layers for electrochemical applications  |y eng 
245 1 |a Bórom dopované diamantové vrstvy pre elektrochemické aplikácie 
260 |a Bratislava :  |b STU v Bratislave FEI,  |c 2012 
650 7 |a Automobile Electronics  |2 estusub 
650 7 |a ťažké kovy  |2 stusub 
700 1 |a Vojs, Marian,  |d 1979-  |4 ths  |u E030  |U FEI Fakulta elektrotechniky a informatiky  |T FEI Ústav elektroniky a fotoniky  |X 2979  |U E030  |Y 549  |7 A000002979 
856 4 |a info a plný text  |u http://is.stuba.sk/zp/portal_zp.pl?podrobnosti=77190  |3 VAIS 
996 |b 284ER00837  |c E*Bc-837  |l EE33  |s P  |a 0  |w stu250716_0001